zpět

Detail výsledku týmu

Organza, Liberec

Datum a čas kvízu

31.5 Celkem bodů Celkový počet nahraných bodů na tomto kvízu bez doplňovacích otázek.
6. Pořadí na kvízu Konečné umístění týmu na tomto kvízu.

Zaznamenané odpovědi

# Otázka Odpověď Body Výsledky
1. Ve středu jsme si prostřednict... B) beze spěchu 1
2. Aprílové žerty jsou populární... Volkswagen 1
3. V úterý začal vysílat v Česku... Warner TV 1
4. Od 1. 4. 2024 se mění podmínky... A 1
5. Německý fotbalový svaz bude mu... čísla 44 1
6. Nobelovu cenu za objev krevníc... Jan Janský 0
7. Ve kterém orgánu lidského těla... ve slezině 0
8. Vyberte nepravdivé tvrzení: B 1
9. Hemofilie je geneticky podmíně... Alexej; chromozom X 0
10. Někteří bezobratlí živočichové... hemolymfa; krvomíza 0